Religion Decoder Quiz - Statistics

General Stats
  • This quiz has been taken 16 times
  • The average score is 11 of 22
Answer Stats
Hint Answer % Correct
Heresy, sacrilege, offence against a god or religion Blasphemy
83%
A month of prayer and fasting for Muslims Ramadan
83%
Cards used in future-telling Tarot
83%
Temple City in Cambodia designated as a UNESCO World Heritage Site Angkor Wat
75%
What talismans, such as the Nazar symbol (🧿), are supposed to protect you from {Evil} eye
67%
Ancient Chinese practice of arrangement of space to achieve harmony {Feng} shui
67%
City where Hagia Sophia is located Istanbul
67%
This Salman Rushdie's 1988 book made Khomeini declare a fatwa {Satanic} Verses, The
67%
Adam and Eve eating a fruit they shouldn't have {Original} sin
58%
Carved wooden poles in North America Totem
58%
Spiritual practices of ancient India that have become a popular hobby worldwide Yoga
58%
Hindu God of New Beginnings with an elephant head Ganesha
50%
Famous ceremonial dance of the Māori people Haka
50%
Indian concept of the ultimate liberation of one's soul Nirvana
50%
This country's flag inspired the Rastafari flag (which may additionally contain black) Ethiopia
42%
The Pope who started the First Crusade Urban II
42%
Animals protected by the Incan god Urcuchillay Llama
33%
Patron saint of Norway: Saint... Olaf
33%
Scottish missionary who tried to find the source of the Nile: David... Livingstone
25%
Solution: Be a light unto yourself.
17%
Primordial god of the sky in Greek mythology Uranus
17%
Author of decoded quote: Buddha
8%
No matching quizzes found
Score Distribution
Percent of People with Each Score
Percentile by Number Answered
Your Score History
You have not taken this quiz